| 000 | 00378nam a22001577a 4500 | ||
|---|---|---|---|
| 003 | OSt | ||
| 005 | 20211206093821.0 | ||
| 008 | 211206b |||||||| |||| 00| 0 eng d | ||
| 020 | _a8126119071 | ||
| 040 | _cHU | ||
| 100 |
_aBHARAT SINGH _918156 |
||
| 245 | _aMODERN EDUCATIONAL THEORY AND PRACTICE | ||
| 260 |
_aNEW DELHI _bHALL _c2004 |
||
| 300 | _a338 | ||
| 942 |
_2ddc _cBOOKS _n0 |
||
| 999 |
_c21423 _d21423 |
||